[Event "SF Essen-Katernberg  1 - SK Königsspri"]
[Site "NRW-Klasse - Gruppe 2 2018/20"]
[Date "2019.03.17"]
[Round "7.6"]
[White "Heldt, Maximilian"]
[Black "Kind, Bertram"]
[Result "1/2-1/2"]
[WhiteElo "2081"]
[BlackElo "2109"]
[PlyCount "156"]
[EventDate "2019.??.??"]
[WhiteTeam "SF Essen-Katernberg  1"]
[BlackTeam "SK Königsspringer Iserlohn 1"]

1. c4 e5 2. g3 Nc6 3. Bg2 f5 4. e3 Nf6 5. Nc3 Be7 6. d3 O-O 7. Nge2 d6 8. O-O
Qe8 9. Nd5 Bd8 10. Nec3 Ne7 11. b4 c6 12. Nxf6+ Rxf6 13. d4 e4 14. d5 Ng6 15.
Qe2 Ne5 16. Bb2 Bd7 17. Rfd1 Rc8 18. Rac1 c5 19. b5 Rf8 20. Rf1 Bf6 21. Ba1 Qe7
22. Nd1 Rce8 23. a4 Nd3 24. Rb1 Bxa1 25. Rxa1 Qf6 26. Rb1 Re7 27. f3 exf3 28.
Qxd3 fxg2 29. Kxg2 Qh6 30. h4 Rfe8 31. Rb2 Re4 32. Rf4 Qf6 33. Re2 Qe7 34. Kf2
h6 35. Nc3 Re5 36. h5 Qg5 37. Rh4 R8e7 38. e4 Be8 39. exf5 Rxf5+ 40. Kg2 Rxe2+
41. Nxe2 Bxh5 42. Nf4 Bf7 43. Nh3 Qf6 44. Re4 Re5 45. Rf4 Qe7 46. Nf2 Bh5 47.
Re4 Qg5 48. a5 Qf6 49. Ng4 Bxg4 50. Rxg4 g5 51. Re4 Qf5 52. Re3 Qxd3 53. Rxd3
Re4 54. Kf3 Re5 55. Kg4 Kg7 56. Kh5 Re1 57. Ra3 Re4 58. a6 b6 59. Rc3 g4 60.
Rc2 Kf6 61. Rf2+ Ke5 62. Rf7 Rxc4 63. Rxa7 Rb4 64. Ra8 Kxd5 65. Rb8 Rxb5 66. a7
Ra5 67. a8=Q+ Rxa8 68. Rxa8 c4 69. Kxg4 Kd4 70. Kf3 b5 71. Ke2 d5 72. Kd2 b4
73. Rb8 b3 74. Rb4 Kc5 75. Rb8 d4 76. Kc1 Kd5 77. Rb4 Kc5 78. Rb8 Kd5 1/2-1/2

[Event "SF Essen-Katernberg  1 - SK Königsspri"]
[Site "NRW-Klasse - Gruppe 2 2018/20"]
[Date "2019.03.17"]
[Round "7.7"]
[White "Franz, Christian"]
[Black "Dette, Jan"]
[Result "1/2-1/2"]
[WhiteElo "2046"]
[BlackElo "2090"]
[PlyCount "78"]
[EventDate "2019.??.??"]
[WhiteTeam "SK Königsspringer Iserlohn 1"]
[BlackTeam "SF Essen-Katernberg  1"]

1. Nf3 e6 2. d4 f5 3. Nc3 d5 4. Bg5 Nf6 5. e3 c6 6. Ne5 Nbd7 7. Be2 Be7 8. f4
O-O 9. O-O c5 10. Rf3 Ne4 11. Nxe4 fxe4 12. Bxe7 Qxe7 13. Rg3 Nxe5 14. dxe5 Bd7
15. c3 Rad8 16. Rh3 Bc6 17. Qd2 a5 18. g4 d4 19. g5 d3 20. Bg4 c4 21. Qg2 g6
22. Rd1 Rf7 23. Rh6 b5 24. h4 Rg7 25. h5 Bd5 26. Qh3 Kf7 27. hxg6+ hxg6 28. Rh7
Rdg8 29. Kf2 b4 30. Rxg7+ Rxg7 31. Qh8 Qf8 32. Qh6 Rg8 33. Qh7+ Qg7 34. Rh1
Qxh7 35. Rxh7+ Rg7 36. Rxg7+ Kxg7 37. a3 bxa3 38. bxa3 Kf7 39. Bd1 Bc6 1/2-1/2

[Event "SF Essen-Katernberg  1 - SK Königsspri"]
[Site "NRW-Klasse - Gruppe 2 2018/20"]
[Date "2019.03.17"]
[Round "7.8"]
[White "Schimnatkowski, Lukas"]
[Black "Schwanbeck, Christoph"]
[Result "1/2-1/2"]
[WhiteElo "2111"]
[BlackElo "2026"]
[Annotator "Daniel"]
[PlyCount "52"]
[EventDate "2019.??.??"]
[WhiteTeam "SF Essen-Katernberg  1"]
[BlackTeam "SK Königsspringer Iserlohn 1"]

1. c4 Nf6 2. g3 e5 3. Bg2 Be7 4. Nc3 O-O 5. d3 c6 6. e4 d6 7. Nge2 Be6 8. O-O
d5 $11 9. b3 dxe4 10. dxe4 Na6 11. h3 Qc8 12. Kh2 Rd8 13. Qc2 b5 14. cxb5 cxb5
15. Qb2 Nc5 16. Nxb5 Nfxe4 17. Be3 Rb8 18. Nxa7 Qa6 19. Bxc5 Bxc5 20. Bxe4 Qxa7
21. Qxe5 Rd2 22. Rad1 Bd6 23. Bxh7+ Kf8 24. Qe4 Rxd1 25. Rxd1 Qxf2+ 26. Qg2 Qc5
1/2-1/2

[Event "Godesberger SK 1 - Bielefelder SK 1"]
[Site "NRW-Klasse - Gruppe 2 2018/20"]
[Date "2019.03.17"]
[Round "7.1"]
[White "Forchert, Martin"]
[Black "Koehler, Christian Friedrich"]
[Result "1/2-1/2"]
[WhiteElo "2270"]
[BlackElo "2237"]
[PlyCount "59"]
[EventDate "2019.??.??"]
[WhiteTeam "Bielefelder SK 1"]
[BlackTeam "Godesberger SK 1"]

1. e4 e5 2. Nf3 Nc6 3. d4 exd4 4. Nxd4 Nf6 5. Nc3 Bb4 6. Nxc6 bxc6 7. Bd3 d5 8.
exd5 cxd5 9. O-O O-O 10. Nb5 Bg4 11. f3 Bd7 12. c3 Bxb5 13. Bxb5 Bc5+ 14. Kh1
Qd6 15. b4 Bb6 16. Bg5 c6 17. Bd3 Rfe8 18. Qd2 Re7 19. Rae1 Rae8 20. g3 a5 21.
Rxe7 Qxe7 22. bxa5 Bxa5 23. Qc2 h6 24. Bd2 Nd7 25. Re1 Qd8 26. Rxe8+ Qxe8 27.
c4 Bxd2 28. Qxd2 d4 29. Be4 c5 30. Kg2 1/2-1/2

[Event "Godesberger SK 1 - Bielefelder SK 1"]
[Site "NRW-Klasse - Gruppe 2 2018/20"]
[Date "2019.03.17"]
[Round "7.2"]
[White "Brandt, Sebastian"]
[Black "Simon, Hans Christian"]
[Result "0-1"]
[WhiteElo "2226"]
[BlackElo "2140"]
[PlyCount "62"]
[EventDate "2019.??.??"]
[WhiteTeam "Godesberger SK 1"]
[BlackTeam "Bielefelder SK 1"]

1. e4 e5 2. f4 exf4 3. Nc3 Qh4+ 4. Ke2 Ne7 5. d4 d5 6. Nf3 Qh5 7. Kf2 Be6 8.
Bd3 Nbc6 9. Bxf4 O-O-O 10. Qe2 Bg4 11. Nb5 dxe4 12. Bxe4 Nd5 13. Bxd5 Rxd5 14.
c4 Bxf3 15. Qxf3 Qxf3+ 16. gxf3 Rf5 17. Be3 a6 18. Nc3 Be7 19. Rad1 Re8 20.
Rhe1 Bh4+ 21. Kg2 Bxe1 22. Rxe1 Nxd4 23. f4 Nc2 24. Re2 Nxe3+ 25. Kf3 Rh5 26.
Ne4 Rxe4 27. Kxe4 Nxc4 28. Kd4 Nd6 29. b4 Kd7 30. a4 Rh4 31. Ke3 Rh3+ 0-1

[Event "Godesberger SK 1 - Bielefelder SK 1"]
[Site "NRW-Klasse - Gruppe 2 2018/20"]
[Date "2019.03.17"]
[Round "7.3"]
[White "Goeßling, Guido"]
[Black "Grabowski, Pawel"]
[Result "0-1"]
[WhiteElo "2135"]
[BlackElo "2231"]
[PlyCount "96"]
[EventDate "2019.??.??"]
[WhiteTeam "Bielefelder SK 1"]
[BlackTeam "Godesberger SK 1"]

1. e4 e6 2. d4 d5 3. Nc3 Bb4 4. e5 Qd7 5. a3 Bxc3+ 6. bxc3 b6 7. Qg4 f5 8. Qh5+
g6 9. Qd1 Ba6 10. Bxa6 Nxa6 11. a4 c5 12. Qe2 c4 13. h4 h6 14. Nh3 O-O-O 15.
Nf4 Ne7 16. Ba3 Rhg8 17. Kd2 Nc7 18. a5 b5 19. a6 Kb8 20. Qe3 Nc8 21. Qg3 Ka8
22. Bc5 Qc6 23. Rhb1 Nxa6 24. Ra5 g5 25. Nh5 Nxc5 26. dxc5 a6 27. Rbxb5 Qxb5
28. Rxb5 axb5 29. Nf6 Rg6 30. hxg5 Rxg5 31. Qh3 Rg6 32. g3 Ne7 33. Nh5 d4 34.
Nf4 dxc3+ 35. Kc1 Rdg8 36. Nxg6 Rxg6 37. Qh4 Nc6 38. Qf4 Kb7 39. f3 Ne7 40. Qh4
Nd5 41. Qh2 Kc6 42. Qf2 h5 43. Kd1 f4 44. gxf4 Rg2 45. Qe1 b4 46. Kc1 b3 47.
cxb3 cxb3 48. Qf1 Ra2 0-1

[Event "Godesberger SK 1 - Bielefelder SK 1"]
[Site "NRW-Klasse - Gruppe 2 2018/20"]
[Date "2019.03.17"]
[Round "7.4"]
[White "Schulte-Geers, Niklas"]
[Black "Danielmeier, Ralf"]
[Result "1/2-1/2"]
[WhiteElo "2107"]
[BlackElo "1992"]
[PlyCount "63"]
[EventDate "2019.??.??"]
[WhiteTeam "Godesberger SK 1"]
[BlackTeam "Bielefelder SK 1"]

1. d4 Nf6 2. c4 g6 3. Nc3 d5 4. cxd5 Nxd5 5. e4 Nxc3 6. bxc3 Bg7 7. Nf3 c5 8.
Be3 Qa5 9. Qd2 O-O 10. Rb1 b6 11. Rc1 cxd4 12. cxd4 Qxd2+ 13. Kxd2 Rd8 14. Rc7
e6 15. Bg5 f6 16. Be3 Ba6 17. Be2 Bf8 18. Rb1 Bd6 19. Rc2 Bb7 20. Bd3 Nc6 21.
Bc4 Re8 22. Bb5 Rec8 23. Rbc1 Ne7 24. Bc4 Kf7 25. e5 Bb4+ 26. Kd3 Nf5 27. exf6
Nxe3 28. Ne5+ Kxf6 29. fxe3 Ke7 30. Bb5 Rxc2 31. Rxc2 Bd6 32. Nc6+ 1/2-1/2

[Event "Godesberger SK 1 - Bielefelder SK 1"]
[Site "NRW-Klasse - Gruppe 2 2018/20"]
[Date "2019.03.17"]
[Round "7.5"]
[White "Schnitker, Rainer"]
[Black "Stenzel, Thomas"]
[Result "1/2-1/2"]
[WhiteElo "2026"]
[BlackElo "2116"]
[PlyCount "69"]
[EventDate "2019.??.??"]
[WhiteTeam "Bielefelder SK 1"]
[BlackTeam "Godesberger SK 1"]

1. Nf3 Nf6 2. g3 g6 3. Bg2 Bg7 4. O-O O-O 5. c4 d6 6. Nc3 c6 7. d3 e5 8. Rb1
Nh5 9. b4 f5 10. Qc2 Kh8 11. b5 f4 12. bxc6 bxc6 13. Ba3 Bf6 14. Rb3 Be7 15.
Rfb1 Na6 16. c5 Qc7 17. cxd6 Bxd6 18. Bxd6 Qxd6 19. Ne4 Qd5 20. Qc3 Re8 21. Rc1
Bd7 22. Rb7 c5 23. Rxd7 Qxd7 24. Nxe5 Qd4 25. Nf7+ Kg7 26. Qxd4+ cxd4 27. Ned6
Nb4 28. Rc7 Kf6 29. g4 f3 30. Bxf3 Nf4 31. g5+ Ke6 32. Bg4+ Kd5 33. Bf3+ Ke6
34. Bg4+ Kd5 35. Bf3+ 1/2-1/2

[Event "Godesberger SK 1 - Bielefelder SK 1"]
[Site "NRW-Klasse - Gruppe 2 2018/20"]
[Date "2019.03.17"]
[Round "7.6"]
[White "Kutzner, Stephen"]
[Black "Gruettemeier, Uwe"]
[Result "1-0"]
[WhiteElo "2183"]
[BlackElo "2010"]
[PlyCount "89"]
[EventDate "2019.??.??"]
[WhiteTeam "Godesberger SK 1"]
[BlackTeam "Bielefelder SK 1"]

1. d4 d5 2. c4 Bf5 3. cxd5 Bxb1 4. Qa4+ c6 5. Rxb1 Qxd5 6. Nf3 Nd7 7. e3 Ngf6
8. Bd2 Nb6 9. Qa5 Qxa5 10. Bxa5 e6 11. Be2 Be7 12. Ne5 Nfd7 13. Nxd7 Nxd7 14.
Bc3 O-O 15. Bf3 Rfd8 16. Ke2 Rac8 17. Rhc1 Bf6 18. b4 e5 19. b5 cxb5 20. Bxb7
Rb8 21. Rxb5 exd4 22. Bxd4 Bxd4 23. exd4 Nb6 24. Rc7 Rxd4 25. Bc6 Rbd8 26. Rxa7
Rd2+ 27. Kf3 R2d3+ 28. Kg4 Nc4 29. Ra8 R3d4+ 30. Kg3 Rxa8 31. Bxa8 g6 32. Rd5
Rxd5 33. Bxd5 Na3 34. Kf4 Kf8 35. Ke5 Ke7 36. Be4 f6+ 37. Kd5 Nb5 38. Kc5 Nc3
39. Bd5 Kd7 40. a3 Kc7 41. f3 g5 42. Kc4 Ne2 43. a4 h5 44. a5 h4 45. Kc5 1-0

[Event "Godesberger SK 1 - Bielefelder SK 1"]
[Site "NRW-Klasse - Gruppe 2 2018/20"]
[Date "2019.03.17"]
[Round "7.7"]
[White "Moellering, Richard"]
[Black "Wecker, Martin"]
[Result "1/2-1/2"]
[WhiteElo "1981"]
[BlackElo "2129"]
[PlyCount "28"]
[EventDate "2019.??.??"]
[WhiteTeam "Bielefelder SK 1"]
[BlackTeam "Godesberger SK 1"]

1. Nf3 c5 2. g3 Nc6 3. Bg2 g6 4. c4 Bg7 5. O-O e6 6. Nc3 Nge7 7. e3 O-O 8. d4
d6 9. b3 Nf5 10. Ne2 cxd4 11. Nfxd4 Ncxd4 12. Nxd4 Nxd4 13. exd4 d5 14. Be3 b6
1/2-1/2

[Event "Godesberger SK 1 - Bielefelder SK 1"]
[Site "NRW-Klasse - Gruppe 2 2018/20"]
[Date "2019.03.17"]
[Round "7.8"]
[White "Mittmann, Johannes"]
[Black "Biermann, Stefan"]
[Result "1-0"]
[WhiteElo "2060"]
[BlackElo "1782"]
[PlyCount "83"]
[EventDate "2019.??.??"]
[WhiteTeam "Godesberger SK 1"]
[BlackTeam "Bielefelder SK 1"]

1. e4 c5 2. Nf3 e6 3. d4 cxd4 4. Nxd4 Bc5 5. Nb3 Bb6 6. Nc3 Ne7 7. Bd3 O-O 8.
O-O f5 9. Bg5 fxe4 10. Nxe4 d5 11. Nc3 Qe8 12. Qe2 Nbc6 13. Rad1 a6 14. a3 Ng6
15. Rde1 Qf7 16. Na4 Ba7 17. c3 e5 18. Be3 Nf4 19. Bxf4 exf4 20. Qf3 g5 21. Bc2
g4 22. Qd3 f3 23. g3 Qh5 24. h4 gxh3 25. Kh2 Bg4 26. Nd4 Rae8 27. Rxe8 Rxe8 28.
Nxc6 bxc6 29. Qxa6 Bb8 30. Bd3 Qh6 31. Nc5 Bxg3+ 32. Kxg3 Rf8 33. Kh2 Qd6+ 34.
Kh1 Qxc5 35. Qb7 Rf7 36. Qb8+ Kg7 37. Qe5+ Kg8 38. Rg1 Rg7 39. Rxg4 Rxg4 40.
Qe6+ Kh8 41. Qxg4 Qxf2 42. Qd4+ 1-0

[Event "SVG Plettenberg 1 - Bielefelder SK 1"]
[Site "NRW-Klasse - Gruppe 2 2018/20"]
[Date "2019.04.14"]
[Round "8.1"]
[White "Forchert, Martin"]
[Black "Haub, Thorsten Michael"]
[Result "0-1"]
[WhiteElo "2270"]
[BlackElo "2385"]
[PlyCount "78"]
[EventDate "2019.??.??"]
[WhiteTeam "Bielefelder SK 1"]
[BlackTeam "SVG Plettenberg 1"]

1. e4 e6 2. d4 d5 3. Nd2 Be7 4. c3 c5 5. dxc5 Bxc5 6. Nb3 Bb6 7. exd5 exd5 8.
Nf3 Nf6 9. Bb5+ Nc6 10. O-O O-O 11. Nbd4 Qd6 12. Re1 Bg4 13. Be2 Rfe8 14. Be3
Bxf3 15. Bxf3 Nxd4 16. cxd4 Qb4 17. Re2 Rac8 18. a3 Qd6 19. Rc1 Ne4 20. Rxc8
Rxc8 21. Rc2 Re8 22. Qc1 Qd7 23. Be2 Nd6 24. Qd2 Qa4 25. Rc1 g6 26. Qd3 Nf5 27.
b4 Nd6 28. Bd1 Qd7 29. Bb3 Nf5 30. g3 h5 31. a4 a6 32. a5 Ba7 33. Re1 Bxd4 34.
Bd2 Re4 35. Rxe4 dxe4 36. Qxe4 Bxf2+ 37. Kg2 Qxd2 38. Qe8+ Kg7 39. Qxf7+ Kh6
0-1

[Event "SVG Plettenberg 1 - Bielefelder SK 1"]
[Site "NRW-Klasse - Gruppe 2 2018/20"]
[Date "2019.04.14"]
[Round "8.2"]
[White "Bosch, Jeroen"]
[Black "Gruen, Gerd-Peter"]
[Result "1/2-1/2"]
[WhiteElo "2397"]
[BlackElo "2227"]
[PlyCount "139"]
[EventDate "2019.??.??"]
[WhiteTeam "SVG Plettenberg 1"]
[BlackTeam "Bielefelder SK 1"]

1. d4 Nf6 2. c4 e6 3. Nf3 Bb4+ 4. Bd2 c5 5. Bxb4 cxb4 6. g4 O-O 7. Rg1 b6 8.
Nbd2 Bb7 9. e3 Ne4 10. Nxe4 Bxe4 11. Nd2 Bb7 12. g5 d6 13. Bd3 Nd7 14. Qh5 g6
15. Qh6 Qe7 16. O-O-O e5 17. Rg3 e4 18. Bc2 Rfc8 19. Kb1 d5 20. Bb3 Qe6 21. Qh3
dxc4 22. Qxe6 fxe6 23. Bxc4 Bd5 24. Ba6 Rf8 25. f3 exf3 26. e4 Bc6 27. Rc1 Nb8
28. Bc4 f2 29. Bxe6+ Kh8 30. Bh3 Bb5 31. Bf1 Bxf1 32. Nxf1 Nd7 33. Rc7 Rf7 34.
Kc2 a5 35. Kd1 Rd8 36. Ke2 Ne5 37. Rxf7 Nxf7 38. d5 Re8 39. Nd2 Ne5 40. Kxf2
Rc8 41. Ke3 Rc2 42. Kd4 Nd7 43. Nf3 Rxb2 44. e5 Kg7 45. e6 Nc5 46. Ne5 Rd2+ 47.
Nd3 Kf8 48. Kc4 Ke7 49. Re3 Nb7 50. Rh3 Nd6+ 51. Kd4 Nf5+ 52. Kc4 Kd6 53. Rxh7
b5+ 54. Kxb5 Rxd3 55. Rd7+ Ke5 56. e7 Nxe7 57. Rxe7+ Kd6 58. Re6+ Kxd5 59. Rxg6
Ra3 60. Rh6 Rxa2 61. g6 Ke6 62. Kc4 Kf6 63. Kb3 Ra3+ 64. Kb2 Kg7 65. Rh5 Kxg6
66. Rb5 Kf6 67. h4 Ke6 68. h5 Kf6 69. Kc2 Kg7 70. Kb2 1/2-1/2

[Event "SVG Plettenberg 1 - Bielefelder SK 1"]
[Site "NRW-Klasse - Gruppe 2 2018/20"]
[Date "2019.04.14"]
[Round "8.3"]
[White "Simon, Hans Christian"]
[Black "Browning, Alex"]
[Result "0-1"]
[WhiteElo "2140"]
[BlackElo "2166"]
[PlyCount "88"]
[EventDate "2019.??.??"]
[WhiteTeam "Bielefelder SK 1"]
[BlackTeam "SVG Plettenberg 1"]

1. Nf3 Nf6 2. c4 g6 3. Nc3 Bg7 4. g3 O-O 5. Bg2 d6 6. d4 Nc6 7. O-O a6 8. h3
Rb8 9. Qc2 Bd7 10. e4 e5 11. dxe5 Nxe5 12. Nxe5 dxe5 13. Rd1 Qc8 14. Kh2 b5 15.
cxb5 axb5 16. Be3 c6 17. a4 b4 18. Nb1 b3 19. Qc3 Qa6 20. Bf1 Qa8 21. Nd2 Be6
22. f3 Rfc8 23. Bc4 Nd5 24. Qd3 Nxe3 25. Qxe3 Bxc4 26. Nxc4 Qa6 27. Qc3 Qa7 28.
Kg2 Bf8 29. Qxe5 Rb4 30. Qa5 Qxa5 31. Nxa5 c5 32. Rd5 Ra8 33. Nc6 Rbxa4 34.
Rxa4 Rxa4 35. Ne5 c4 36. Rb5 Bd6 37. Nd7 Ra2 38. e5 Rxb2+ 39. Kf1 Ba3 40. Nf6+
Kg7 41. Rb8 Bf8 42. Ne4 Rc2 43. Rb7 b2 44. Ng5 Be7 0-1

[Event "SVG Plettenberg 1 - Bielefelder SK 1"]
[Site "NRW-Klasse - Gruppe 2 2018/20"]
[Date "2019.04.14"]
[Round "8.4"]
[White "Klip, Hans"]
[Black "Goeßling, Guido"]
[Result "0-1"]
[WhiteElo "2255"]
[BlackElo "2135"]
[PlyCount "88"]
[EventDate "2019.??.??"]
[WhiteTeam "SVG Plettenberg 1"]
[BlackTeam "Bielefelder SK 1"]

1. e4 c6 2. Ne2 d5 3. e5 c5 4. b4 cxb4 5. a3 Nc6 6. d4 bxa3 7. Bxa3 g6 8. c3
Bg7 9. Nf4 f6 10. e6 Bh6 11. Qf3 Bxf4 12. Qxf4 Bxe6 13. Bd3 Qd7 14. O-O Bf5 15.
Bb5 a6 16. Bc5 Rc8 17. Ba4 g5 18. Qg3 Kf7 19. Nd2 e6 20. c4 Nge7 21. Rae1 Ng6
22. Re3 b5 23. cxb5 Na5 24. Ra1 axb5 25. Bd1 Nc6 26. Rea3 Nf4 27. Qe3 e5 28.
dxe5 fxe5 29. Nf3 Rhe8 30. Nxg5+ Kf6 31. Nf3 d4 32. Qd2 Qd5 33. Bb6 b4 34. Ra6
Rg8 35. g3 Bg4 36. Bxd4 Nh3+ 37. Kg2 exd4 38. R1a5 Qe4 39. Qh6+ Rg6 40. Qh4+
Kg7 41. Ra7+ Nxa7 42. Rxa7+ Kf8 43. Qxh7 Bxf3+ 44. Bxf3 Nf4+ 0-1

[Event "SVG Plettenberg 1 - Bielefelder SK 1"]
[Site "NRW-Klasse - Gruppe 2 2018/20"]
[Date "2019.04.14"]
[Round "8.5"]
[White "Roemhild, Marcus"]
[Black "Schulze, Marc"]
[Result "0-1"]
[WhiteElo "2041"]
[BlackElo "2212"]
[PlyCount "61"]
[EventDate "2019.??.??"]
[WhiteTeam "Bielefelder SK 1"]
[BlackTeam "SVG Plettenberg 1"]

1. c4 c5 2. Nc3 Nc6 3. g3 g6 4. Bg2 Bg7 5. a3 e6 6. b4 d6 7. Rb1 Nge7 8. Na4
cxb4 9. axb4 d5 10. b5 Ne5 11. cxd5 exd5 12. Nf3 Nxf3+ 13. Bxf3 Bh3 14. Ba3 O-O
15. Qb3 Re8 16. g4 Rc8 17. Rg1 Be5 18. Bb2 Bxb2 19. Nxb2 f5 20. g5 f4 21. Nd3
Qd6 22. Nb4 Be6 23. d4 Rc4 24. e3 fxe3 25. fxe3 Qxh2 26. Rg2 Qh4+ 27. Kd2 Rec8
28. Be2 Nf5 29. Bxc4 dxc4 30. Qc3 Nd6 31. Kc1 0-1

[Event "SVG Plettenberg 1 - Bielefelder SK 1"]
[Site "NRW-Klasse - Gruppe 2 2018/20"]
[Date "2019.04.14"]
[Round "8.6"]
[White "Pieper, Dawid"]
[Black "Danielmeier, Ralf"]
[Result "1-0"]
[WhiteElo "2152"]
[BlackElo "1992"]
[PlyCount "51"]
[EventDate "2019.??.??"]
[WhiteTeam "SVG Plettenberg 1"]
[BlackTeam "Bielefelder SK 1"]

1. e4 d5 2. exd5 Qxd5 3. Nc3 Qa5 4. d4 Nf6 5. Bc4 Nc6 6. d5 Nb4 7. Bd2 Qc5 8.
Bb5+ c6 9. Be3 Qd6 10. dxc6 bxc6 11. Qxd6 exd6 12. Ba4 Bd7 13. O-O-O Nbd5 14.
Nxd5 Nxd5 15. Nf3 Nxe3 16. Rhe1 Kd8 17. Rxe3 Be7 18. h4 Rb8 19. Ne5 dxe5 20.
Bxc6 Bxh4 21. Rxd7+ Kc8 22. Rc3 Bg5+ 23. Kb1 Rb6 24. Rxa7 Bd2 25. Rc4 Rb4 26.
Rxb4 1-0

[Event "SVG Plettenberg 1 - Bielefelder SK 1"]
[Site "NRW-Klasse - Gruppe 2 2018/20"]
[Date "2019.04.14"]
[Round "8.7"]
[White "Schnitker, Rainer"]
[Black "Noelke, Manfred"]
[Result "1/2-1/2"]
[WhiteElo "2026"]
[BlackElo "1895"]
[PlyCount "28"]
[EventDate "2019.??.??"]
[WhiteTeam "Bielefelder SK 1"]
[BlackTeam "SVG Plettenberg 1"]

1. Nf3 d5 2. g3 Nf6 3. Bg2 g6 4. O-O Bg7 5. c4 O-O 6. cxd5 Nxd5 7. Nc3 e5 8.
Nxd5 Qxd5 9. d3 Nc6 10. Be3 Qd6 11. Rc1 Nd4 12. Bxd4 exd4 13. Qc2 c6 14. Ng5
Bf5 1/2-1/2

[Event "SK Königsspringer Iserlohn 1 - Godesbe"]
[Site "NRW-Klasse - Gruppe 2 2018/20"]
[Date "2019.04.14"]
[Round "8.1"]
[White "Nasuta, Grzegorz"]
[Black "Scheider, Julian"]
[Result "1/2-1/2"]
[WhiteElo "2525"]
[BlackElo "2320"]
[PlyCount "216"]
[EventDate "2019.??.??"]
[WhiteTeam "Godesberger SK 1"]
[BlackTeam "SK Königsspringer Iserlohn 1"]

1. e4 c5 2. Nf3 d6 3. Bb5+ Nd7 4. c3 a6 5. Ba4 Ngf6 6. Qe2 g6 7. O-O Bg7 8. d4
cxd4 9. cxd4 O-O 10. Bb3 e5 11. dxe5 dxe5 12. Nc3 Nc5 13. Nxe5 Nxb3 14. axb3
Be6 15. Nd3 Qe7 16. Be3 Rfc8 17. b4 Bc4 18. Bc5 Qe8 19. Rfd1 Nd7 20. Qe3 Bxc3
21. bxc3 Bxd3 22. Rxd3 Nxc5 23. bxc5 Qe7 24. Rd6 Rc7 25. f3 Rac8 26. Ra5 b5 27.
Rdxa6 Rxc5 28. Ra8 Qc7 29. Rxc8+ Qxc8 30. Ra8 Qxa8 31. Qxc5 Qa2 32. h3 h5 33.
Kh2 Qe2 34. Qe5 h4 35. Qe8+ Kg7 36. Qe5+ Kg8 37. Qe8+ Kg7 38. Qe7 Qe1 39. Qe5+
Kg8 40. Qe8+ Kg7 41. Qe5+ Kg8 42. Qxb5 Qg3+ 43. Kg1 Qe1+ 44. Qf1 Qxc3 45. Qe2
Qe5 46. Qe3 g5 47. Qd2 Kg7 48. Qd5 Qf4 49. Kf2 f6 50. Qd4 Kg6 51. Ke2 Qg3 52.
Qf2 Qe5 53. Kd3 Qb5+ 54. Kc3 Qa5+ 55. Kb2 Qb4+ 56. Kc1 Qc3+ 57. Qc2 Qe1+ 58.
Kb2 Qb4+ 59. Ka2 Kg7 60. Qd3 Kh6 61. Qd5 Qc3 62. Qf7 Qa5+ 63. Kb3 Qb5+ 64. Kc3
Qa5+ 65. Kd4 Qb4+ 66. Kd3 Qa3+ 67. Kc2 Qc5+ 68. Kb2 Qb5+ 69. Qb3 Qe2+ 70. Qc2
Qb5+ 71. Kc3 Qc5+ 72. Kd3 Qd6+ 73. Ke2 Qa6+ 74. Kf2 Qa7+ 75. Ke2 Qa6+ 76. Qd3
Qa2+ 77. Qd2 Qa6+ 78. Kf2 Qa7+ 79. Kf1 Qa6+ 80. Qe2 Qa1+ 81. Qe1 Qa6+ 82. Kg1
Qa7+ 83. Kh1 Qc7 84. g3 hxg3 85. Kg2 Qf4 86. Qxg3 Qd2+ 87. Qf2 Qf4 88. Qa2 Kg7
89. Qa7+ Kh6 90. Qd7 Qe3 91. Qg4 Qd2+ 92. Kh1 Qc1+ 93. Qg1 Qf4 94. Kg2 Qd2+ 95.
Qf2 Qf4 96. Qb2 Kg6 97. Qa2 Kh6 98. Qc2 Kg7 99. Qe2 Kh6 100. Qf2 Kg6 101. Qe1
Kh6 102. Qf2 Kg6 103. Qb2 Kh6 104. Qc2 Kg7 105. Qd3 Kh6 106. Qd4 Kg6 107. Qd8
Kg7 108. Qd3 Kh6 1/2-1/2

[Event "SK Königsspringer Iserlohn 1 - Godesbe"]
[Site "NRW-Klasse - Gruppe 2 2018/20"]
[Date "2019.04.14"]
[Round "8.2"]
[White "Eckardt, Joshua"]
[Black "Seger, Ruediger"]
[Result "1/2-1/2"]
[WhiteElo "2237"]
[BlackElo "2323"]
[PlyCount "82"]
[EventDate "2019.??.??"]
[WhiteTeam "SK Königsspringer Iserlohn 1"]
[BlackTeam "Godesberger SK 1"]

1. d4 Nf6 2. c4 g6 3. Nc3 d5 4. Nf3 Bg7 5. Qb3 dxc4 6. Qxc4 O-O 7. e4 Nc6 8.
Be2 Bg4 9. d5 Na5 10. Qb4 Bxf3 11. Bxf3 c6 12. O-O Qb6 13. Qa4 Nd7 14. g3 Nc5
15. Qc2 e6 16. Rb1 Qb4 17. Be3 Nc4 18. Bxc5 Qxc5 19. Na4 Qd4 20. Rfd1 Qf6 21.
Qxc4 Qxf3 22. dxc6 bxc6 23. Rd7 Rad8 24. Qxc6 Bd4 25. Rf1 Rc8 26. Rc7 Rxc7 27.
Qxc7 Qxe4 28. Nc5 Qe2 29. Qxa7 Qxb2 30. Qa5 Bxc5 31. Qxc5 Qxa2 32. h4 Qe2 33.
Qc7 Qd2 34. Ra1 h5 35. Ra7 Qd4 36. Kg2 Qf6 37. Ra4 e5 38. Re4 Re8 39. f4 Qf5
40. Rxe5 Rxe5 41. Qxe5 Qc2+ 1/2-1/2

[Event "SK Königsspringer Iserlohn 1 - Godesbe"]
[Site "NRW-Klasse - Gruppe 2 2018/20"]
[Date "2019.04.14"]
[Round "8.3"]
[White "Koehler, Christian Friedrich"]
[Black "Schmitz, Philipp"]
[Result "0-1"]
[WhiteElo "2236"]
[BlackElo "2183"]
[PlyCount "46"]
[EventDate "2019.??.??"]
[WhiteTeam "Godesberger SK 1"]
[BlackTeam "SK Königsspringer Iserlohn 1"]

1. e4 c5 2. Nf3 d6 3. d4 cxd4 4. Nxd4 Nf6 5. Nc3 a6 6. Bg5 Nbd7 7. Bc4 e6 8. f3
b5 9. Bb3 Nc5 10. Qd2 Qc7 11. O-O-O Bd7 12. Kb1 Be7 13. a3 Rb8 14. Ba2 a5 15.
b4 axb4 16. axb4 Na4 17. Nxa4 bxa4 18. c3 Nxe4 19. fxe4 Bxg5 20. Qxg5 Qxc3 21.
Nc2 Rxb4+ 22. Nxb4 Qxb4+ 23. Kc2 O-O 0-1

[Event "SK Königsspringer Iserlohn 1 - Godesbe"]
[Site "NRW-Klasse - Gruppe 2 2018/20"]
[Date "2019.04.14"]
[Round "8.5"]
[White "Schulte-Geers, Niklas"]
[Black "Klauke, Stefan"]
[Result "1-0"]
[WhiteElo "2111"]
[BlackElo "2113"]
[Annotator "Daniel"]
[PlyCount "77"]
[EventDate "2019.??.??"]
[WhiteTeam "Godesberger SK 1"]
[BlackTeam "SK Königsspringer Iserlohn 1"]

1. d4 Nf6 2. c4 e5 3. dxe5 Ne4 4. a3 Nc6 5. Nf3 d6 6. Qc2 Nc5 7. b4 Ne6 8. exd6
Bxd6 9. Bb2 a5 10. b5 Ne7 11. e3 O-O 12. Bd3 f5 13. Nbd2 b6 14. O-O Nc5 15. Qc3
Rf6 16. Bc2 Bb7 $11 17. Rfe1 Be4 18. Nxe4 fxe4 19. Ng5 Nf5 20. g3 Qe8 21. Qd2
Kh8 22. Bxf6 gxf6 23. Qd5 fxg5 24. Qxf5 Qe7 25. Rad1 Rf8 26. Qg4 Qf7 27. Qe2
Qg6 28. Rd5 g4 29. Red1 Nd7 30. Qd2 Ne5 31. Qd4 Qf6 32. Bxe4 Qxf2+ 33. Kh1 Qe2
34. Bg2 Re8 35. Rf1 Kg8 36. Rxd6 cxd6 37. Qxd6 Nf3 38. Qd7 Qxe3 39. Qxg4+ 1-0

[Event "SK Königsspringer Iserlohn 1 - Godesbe"]
[Site "NRW-Klasse - Gruppe 2 2018/20"]
[Date "2019.04.14"]
[Round "8.6"]
[White "Kind, Bertram"]
[Black "Kutzner, Stephen"]
[Result "1/2-1/2"]
[WhiteElo "2109"]
[BlackElo "2183"]
[PlyCount "74"]
[EventDate "2019.??.??"]
[WhiteTeam "SK Königsspringer Iserlohn 1"]
[BlackTeam "Godesberger SK 1"]

1. e4 e5 2. Nf3 Nc6 3. Bc4 Nf6 4. d3 Be7 5. Nc3 d6 6. a3 O-O 7. Be3 Be6 8. Nd5
Bxd5 9. exd5 Nb8 10. h3 Nbd7 11. Ba2 Nb6 12. c4 Nfd7 13. Qc2 f5 14. O-O-O Bf6
15. g4 f4 16. Bd2 Nc5 17. b4 Nca4 18. c5 e4 19. cxb6 Nb2 20. dxe4 Nxd1 21. bxc7
Qd7 22. Kxd1 Rac8 23. Qd3 Rxc7 24. Bb3 Rfc8 25. Nd4 a6 26. f3 Qe8 27. Ke2 Qe5
28. Ne6 Rc3 29. Qb1 Rxf3 30. Kxf3 Rc3+ 31. Bxc3 Qxc3+ 32. Ke2 Qe3+ 33. Kd1 Qf3+
34. Kd2 Qg2+ 35. Kd3 Qf3+ 36. Kd2 Qe3+ 37. Kd1 Qf3+ 1/2-1/2

[Event "SK Königsspringer Iserlohn 1 - Godesbe"]
[Site "NRW-Klasse - Gruppe 2 2018/20"]
[Date "2019.04.14"]
[Round "8.7"]
[White "Wecker, Martin"]
[Black "Messarius, Juergen"]
[Result "0-1"]
[WhiteElo "2129"]
[BlackElo "2119"]
[PlyCount "66"]
[EventDate "2019.??.??"]
[WhiteTeam "Godesberger SK 1"]
[BlackTeam "SK Königsspringer Iserlohn 1"]

1. Nf3 f5 2. g3 d6 3. d4 g6 4. Bg2 Nh6 5. c4 Nf7 6. b3 Bg7 7. Bb2 O-O 8. Nc3 c6
9. O-O e5 10. dxe5 dxe5 11. e4 f4 12. Qxd8 Rxd8 13. Rfd1 Re8 14. Rd2 g5 15.
Rad1 Na6 16. Bf1 Bg4 17. Kg2 h5 18. h3 Bc8 19. Ne1 Bh6 20. Na4 g4 21. Kh2 fxg3+
22. fxg3 Bxd2 23. Rxd2 Be6 24. Nd3 Rad8 25. Rf2 Ng5 26. Nxe5 Nxe4 27. Re2 Rd2
28. Rxd2 Nxd2 29. Be2 Rf8 30. Bd4 Nf3+ 31. Nxf3 gxf3 32. Bf1 Rd8 33. Bxa7 Rd1
0-1